LCK Spring 2024 Rosters - Statistics

General Stats
  • This quiz has been taken 263 times
  • The average score is 32 of 50
Answer Stats
Hint Answer % Correct
Faker
98%
Keria
98%
Zeus
98%
Gumayusi
97%
Mid ShowMaker
97%
Oner
96%
Chovy
95%
Canyon
94%
Kiin
94%
Peanut
94%
Zeka
92%
Viper
91%
Peyz
90%
BeryL
89%
Doran
89%
Lehends
89%
Top Kingen
88%
Deft
87%
ADC Aiming
83%
Delight
82%
Pyosik
82%
Bdd
80%
Jungle Lucid
73%
Cuzz
68%
Support Kellin
68%
Morgan
63%
PerfecT
62%
Teddy
62%
Bulldog
55%
Clozer
54%
Rascal
53%
DuDu
52%
DnDn
47%
Sponge
40%
Peter
39%
Hena
38%
Effort
37%
Execute
37%
Jiwoo
37%
Sylvie
36%
Clear
35%
Karis
35%
Willer
35%
Andil
30%
gideon
30%
Envyy
28%
Pleata
28%
Taeyoon
27%
SeTab
25%
Fiesta
22%
No matching quizzes found
Score Distribution
Percent of People with Each Score
Percentile by Number Answered
Your Score History
You have not taken this quiz